Front Matter (notice n° 1639634)

détails MARC
000 -LEADER
fixed length control field 01699cam a2200205 4500500
005 - DATE AND TIME OF LATEST TRANSACTION
control field 20260201060811.0
041 ## - LANGUAGE CODE
Language code of text/sound track or separate title fre
042 ## - AUTHENTICATION CODE
Authentication code dc
100 10 - MAIN ENTRY--PERSONAL NAME
Personal name Bui, Thi Minh Anh
Relator term author
245 00 - TITLE STATEMENT
Title Front Matter
260 ## - PUBLICATION, DISTRIBUTION, ETC.
Date of publication, distribution, etc. 2025.<br/>
500 ## - GENERAL NOTE
General note 89
520 ## - SUMMARY, ETC.
Summary, etc. Innovation activities often have high costs, require highly skilled personnel and a favorable macroeconomic environment. Among these factors, financial development and economic freedom play an important role in creating favorable conditions for mobilizing capital for businesses’ innovation activities. To clarify these effects, our research uses the logistic model to determine the non-linear effects of economic freedom and financial development on firm innovation. These effects are complex and non-linear: in early stages, financial development may inhibit innovation due to inefficiencies, but advanced development reverses this trend. Similarly, the benefits of economic freedom diminish at higher levels, suggesting an optimal range of policies and financial infrastructure for maximizing innovation. To stimulate innovation, it is essential to develop and optimize the financial market and economic freedom. Thus, policymakers should foster a robust and fair financial market and implement specific incentive mechanisms tailored to support innovative enterprises.
700 10 - ADDED ENTRY--PERSONAL NAME
Personal name Le, Thanh Ha
Relator term author
700 10 - ADDED ENTRY--PERSONAL NAME
Personal name Pham, Thi Minh Chau
Relator term author
700 10 - ADDED ENTRY--PERSONAL NAME
Personal name Ngo, Hoang Quynh Anh
Relator term author
700 10 - ADDED ENTRY--PERSONAL NAME
Personal name Nguyen, Hong Hanh
Relator term author
786 0# - DATA SOURCE ENTRY
Note Politique étrangère | Hiver | 4 | 2025-11-28 | p. 1-5 | 0032-342X
856 41 - ELECTRONIC LOCATION AND ACCESS
Uniform Resource Identifier <a href="https://shs.cairn.info/journal-politique-etrangere-2025-4-page-1?lang=en&redirect-ssocas=7080">https://shs.cairn.info/journal-politique-etrangere-2025-4-page-1?lang=en&redirect-ssocas=7080</a>

Pas d'exemplaire disponible.

PLUDOC

PLUDOC est la plateforme unique et centralisée de gestion des bibliothèques physiques et numériques de Guinée administré par le CEDUST. Elle est la plus grande base de données de ressources documentaires pour les Étudiants, Enseignants chercheurs et Chercheurs de Guinée.

Adresse

627 919 101/664 919 101

25 boulevard du commerce
Kaloum, Conakry, Guinée

Réseaux sociaux

Powered by Netsen Group @ 2025